Performance of some Hevea clones under the cold prone climate of sub-himalayan West Bengal (Record no. 64785)

MARC details
000 -LEADER
fixed length control field 01924nam a2200181Ia 4500
100 ## - MAIN ENTRY--AUTHOR NAME
Personal name Kumar S
245 #0 - TITLE STATEMENT
Title Performance of some Hevea clones under the cold prone climate of sub-himalayan West Bengal
260 ## - PUBLICATION, DISTRIBUTION, ETC. (IMPRINT)
Name of publisher Rubber Science
Year of publication 2015
300 ## - PHYSICAL DESCRIPTION
Number of Pages 247-254
520 ## - SUMMARY, ETC.
Summary, etc Multidisciplinary evaluation of elevan clones of Hevea was initiated in 1993, at Nagrakata a cold prone Sub-Himalayan region of West Bengal. Among the clones evaluated RRII 208 and Haiken 1 exhibited the highest girth at the time of panel opening closely followed by the check clone RRIM 600. However, clones RRIC 104 and SCATC 93/114 showed maximum girth increment after twelve years of tapping. Haiken 1 and RRII 208 were the top rankers in terms of annual yield closely followed by PB 280 and RRIM 600 over the twelve years of tapping period. Haiken 1 ranked first in BO-1 and BI-1 panels followed by PB 280 whereas RRII 208 ranked first in BO-2 panel follwed by Haiken 1 in terms of panel wise yield. The performance of these clones with respect to winter yield contribution varied from 56-62;. Incidence of tapping panel dryness (TPD) was the minimum in PB 235 followed by Haiken 1 and RRII 300. In general, Oidium incidence was observed in all the clones but the lowest level was recorded in Haiken 1, RRII 208, SCATC 93/114 and RRIM 600. The intensity of wind damage varied from 0.18;among the clones. Shoot biomass accumulation was higher in SCATC 94/114 followed by Haiken 1 while the highest clear bole volume was recorded in RRII 308 followed by RRII 300 and PB 235. Results of this study revealed that among the 11 clones Haiken 1, RRII 208 and PB 280 were better adapted to the cold prone climate and found to be the most suitable clones for this region.
650 ## - SUBJECT ADDED ENTRY--TOPICAL TERM
Topical Term Cold stress
650 ## - SUBJECT ADDED ENTRY--TOPICAL TERM
Topical Term Rubber
650 ## - SUBJECT ADDED ENTRY--TOPICAL TERM
Topical Term Yield
700 ## - ADDED ENTRY--PERSONAL NAME
Personal name Das G
700 ## - ADDED ENTRY--PERSONAL NAME
Personal name Mydin K K
942 ## - ADDED ENTRY ELEMENTS (KOHA)
Koha item type Journals
Holdings
Withdrawn status Lost status Damaged status Not for loan Home library Current library Shelving location Date acquired Serial Enumeration / chronology Koha item type
      Journals RRII Library RRII Library Botany 17/12/2021 Volume 28, Issue 3 Journals